Quiz su Saint-Barthélemy - Statistics

Statistiche generali
  • Questo quiz è stato fatto 5 volte
  • Il punteggio medio è 9 su 13
Statistiche sulle risposte
Definizione Risposta % Corretto
Capo di Stato Emmanuel Macron
100%
Lingua Ufficiale Francese
100%
È una dipendenza di questo Stato Francia
100%
L'aeroporto è considerato uno dei più __________ al mondo Pericolosi
100%
Primo europeo a visitare Saint-Barthélemy Cristoforo Colombo
75%
Moneta Euro
75%
La risposta qui sopra a sua volta fa parte di quest'altro gruppo di isole Piccole Antille
75%
Saint-Barthélemy fa parte di questo gruppo di isoleIsole _________ Settentrionali Sopravento
75%
Nel 1877, venne rivenduta e la controllò, per un periodo, questa Regione d'oltremare Guadalupa
50%
Le strade strette e il traffico hanno dato un forte impulso a questo modello di macchina Smart
50%
Nel 1852 questa devastante catastrofe naturale colpì l'isola, seguito da un incendio Uragano
50%
Capitale Gustavia
25%
Nel 1784 venne ceduta a questo Stato Svezia
25%
Nessun quiz corrispondente trovato
Distribuzione punteggi
Percentuale di utenti per punteggio
Percentile per numero di risposta
I tuoi punteggi nel tempo
Non hai fatto questo quiz